00964cam a2200313 a 450000100060000000300080000600500170001400800390003102000150007003500190008504000320010404100080013608200270014424501270017126000310029830000350032950000400036450400390040465000190044365000220046265000190048465000220050365000170052565000200054265000220056265000250058470000200060970000210062912534BD-RjUL20211208235318.0140129s1987 nyua b 001 0 eng a047180617X a(BD-RjUL)12583 aDLCcDLCdDLCdBD-RjULbeng aeng00a595.7053219bNUT 198700aNutritional ecology of insects, mites, spiders, and related invertebrates /cedited by Frank Slansky, Jr., J.G. Rodriguez. aNew York :bWiley,cc1987. axvi, 1016 p. :bill. ;c24 cm. a"A Wiley-Interscience publication." aIncludes bibliographies and index. 0aInsectsxFood. 0aInsectsxEcology. 0aSpidersxFood. 0aSpidersxEcology. 0aMitesxFood. 0aMitesxEcology. 0aArthropodaxFood. 0aArthropodaxEcology.1 aSlansky, Frank.1 aRodriguez, J. G.